000 00475nam a22001817a 4500
005 20221222114157.0
008 221222b ||||| |||| 00| 0 eng d
040 _cAL
041 _aEnglish
082 _223
_a180.092
_bHOLN
100 _aR J Hollingdale
_967507
245 _aNietzsche Reader
260 _aNew York
_bPenguin Books Ltd
_c1977
300 _a286 p.
_bPB
_c18x11 cm.
650 _aPhilosophy
_967508
700 _aHOLLINGDALE (R J)
_967509
942 _2ddc
_cDB
999 _c226047
_d226047